00549nam a22001577a 4500003000400000005001700004008004100021020001500062040000700077100003000084245011100114300000800225942001800233999001700251952012300268OSt20211015101539.0211015b |||||||| |||| 00| 0 eng d a3906290654 chu amesfin wolde maris913862 asuffering under god,s environment:a vertical study of the preicament of peasants in north central ethiopia a220 2ddccBOOKSn0 c12937d12937 00102ddc4070a008b008cGENd2021-10-15l0o304.2063/mespSHLIB 00002063r2021-10-15 00:00:00t1w2021-10-15yBOOKS